[Event "Yuzhny Open"]
[Site "Yuzhny UKR"]
[Date "2011.09.07"]
[Round "7.1"]
[White "Firman,N"]
[Black "Kovalenko,I"]
[Result "1/2-1/2"]
[WhiteElo "2517"]
[BlackElo "2578"]

1.e4 d5 2.exd5 Qxd5 3.Nc3 Qd6 4.d4 Nf6 5.Nf3 Bg4 6.h3 Bh5 7.g4 Bg6 8.Ne5 Nbd7
9.Nb5 Qb6 10.Nc4 Qc6 11.Ne3 Qb6 12.a4 e6 13.Bg2 Be4 14.f3 Bg6 15.c4 c6 16.a5 Qd8
17.Nc3 e5 18.d5 cxd5 19.cxd5 Bc5 20.O-O O-O 21.Kh1 Bd4 22.f4 Bxc3 23.bxc3 exf4
24.Nf5 Rc8 25.Bxf4 Rxc3 26.Qd2 Rc8 27.Bg5 b6 28.axb6 axb6 29.Ra7 Bxf5 30.Rxf5 Ra8
31.Rxa8 Qxa8 32.d6 Qa4 33.Rf4 Qb3 34.Rf3 Qb5 35.Rf5 Qa4 36.Rf4 Qb3  1/2-1/2

[Event "9th Amantea Open"]
[Site "Amantea ITA"]
[Date "2011.09.08"]
[Round "6"]
[White "Valguarnera,G"]
[Black "Spirin,O"]
[Result "0-1"]
[WhiteElo "2148"]
[BlackElo "2493"]

1.e4 d5 2.exd5 Qxd5 3.Nc3 Qd6 4.d4 Nf6 5.Be2 c6 6.Bf3 g6 7.Nge2 Bg7 8.a3 Bg4
9.Bf4 Qd7 10.Bxg4 Qxg4 11.O-O Nbd7 12.Qd2 Nb6 13.h3 Qd7 14.Rad1 Nc4 15.Qc1 O-O
16.b3 Nb6 17.Be5 Rfd8 18.Nf4 Nbd5 19.Ncxd5 cxd5 20.Nd3 Rac8 21.c4 dxc4 22.bxc4 Qa4
23.c5 b6 24.Qb2 Nd5 25.Bxg7 Kxg7 26.Nb4 Qb5 27.Rb1 bxc5 28.dxc5+ Nf6 29.Rfe1 a5
30.Rxe7 axb4 31.axb4 Re8 32.Ra7 Ra8 33.Rxa8 Rxa8 34.Rd1 Ra6 35.Rd4 Re6 36.Rd1 h6
37.Ra1 Re4 38.Rb1 g5 39.Qc3 Qc4 40.Qa1 Re2 41.Rb2 Qd4  0-1

[Event "FIDE World Cup 2011"]
[Site "Khanty-Mansiysk RUS"]
[Date "2011.09.08"]
[Round "4.6"]
[White "Dominguez Perez,L"]
[Black "Polgar,Ju"]
[Result "1-0"]
[WhiteElo "2719"]
[BlackElo "2699"]

1.e4 d5 2.exd5 Qxd5 3.Nc3 Qd6 4.d4 Nf6 5.Nf3 g6 6.h3 Bg7 7.Bc4 a6 8.O-O Nc6
9.a3 O-O 10.Re1 Rd8 11.Be3 Be6 12.Bxe6 Qxe6 13.Qe2 Qf5 14.Rad1 Rd6 15.g4 Qe6
16.Qf1 Rdd8 17.Bf4 Qd7 18.d5 Na7 19.Ne5 Qe8 20.a4 Nc8 21.b3 Nd6 22.Qg2 Nd7
23.Rd3 Nxe5 24.Bxe5 Bxe5 25.Rxe5 Qf8 26.Rde3 Rd7 27.Qf3 b5 28.Qf4 Qg7 29.Ne2 Qf6
30.Qb4 a5 31.Qd4 h6 32.Nc3 Rb8 33.Kg2 bxa4 34.Qxa4 Rdd8 35.Qxa5 h5 36.Qxc7 hxg4
37.hxg4 Qf4 38.Qxe7 Qxg4+ 39.Rg3 Qf4 40.Ne4 Nxe4 41.Rxe4 Qf5 42.Qe5 Qxe5
43.Rxe5 f6 44.Re7 Rxd5 45.Rxg6+ Kf8 46.Rc7 Rb6 47.Rgg7 Rf5 48.Rcf7+ Ke8 49.Rh7 Rg5+
50.Kf1 Rh5 51.Rxf6  1-0

[Event "8th LGA Premium Cup"]
[Site "Nuernberg GER"]
[Date "2011.09.10"]
[Round "5.57"]
[White "Eppinger,G"]
[Black "Hoermann,Gunther"]
[Result "0-1"]
[WhiteElo "2197"]
[BlackElo "2056"]

1.e4 d5 2.exd5 Qxd5 3.Nc3 Qd6 4.d4 Nf6 5.Bd3 Bg4 6.f3 Bh5 7.Nge2 e6 8.O-O Nbd7
9.Bf4 Qb6 10.Kh1 Bd6 11.Ne4 Nxe4 12.fxe4 Bxf4 13.Rxf4 e5 14.dxe5 Qe3 15.Qf1 Bxe2
16.Bxe2 Nxe5 17.Bb5+ c6 18.Rf5 f6 19.Rxe5+ fxe5 20.Qf5 Qc5 21.Qe6+ Kd8 22.Rd1+ Kc7
23.Rd7+ Kb6 24.Bd3 Qb4 25.h3 Qxb2 26.Kh2 a5 27.Rd5 Rhe8 28.Qd6 Rad8 29.Qc5+ Kc7
30.Rxd8 Rxd8 31.Qxa5+ Kd7 32.Qa7 Ke8 33.a4 Qb4 34.Qf2 Qf8 35.Qb6 Qf4+ 36.Kg1 Qc1+
37.Kh2 Qf4+ 38.Kg1 Rd7 39.a5 Qf6 40.Qb3 Kf8 41.Kh1 g6 42.Qb6 Kg7 43.Qb4 h5
44.Qc3 g5 45.Qe1 Qf4 46.Kg1 g4  0-1

[Event "8th LGA Premium Cup"]
[Site "Nuernberg GER"]
[Date "2011.09.10"]
[Round "5.13"]
[White "Hoffmann,Micha1"]
[Black "Heinzel,O"]
[Result "1/2-1/2"]
[WhiteElo "2496"]
[BlackElo "2325"]

1.e4 d5 2.exd5 Qxd5 3.Nc3 Qd6 4.d4 Nf6 5.Nf3 c6 6.Ne5 Nbd7 7.Nc4 Qc7 8.Qf3 Nb6
9.Ne5 Be6 10.Be2 g6 11.O-O Bg7 12.Qg3 Nfd7 13.Bf4 Nxe5 14.Bxe5 Bxe5 15.dxe5 O-O-O
16.Qe3  1/2-1/2

[Event "5th ch-Euro IBCA"]
[Site "Rhodes GRE"]
[Date "2011.09.10"]
[Round "5.7"]
[White "Engl,H"]
[Black "Desanjose Candalija,E"]
[Result "1/2-1/2"]
[WhiteElo "2068"]
[BlackElo "2275"]

1.e4 d5 2.exd5 Qxd5 3.Nc3 Qd6 4.d4 Nf6 5.Nf3 g6 6.Be2 Bg7 7.O-O O-O 8.h3 a6
9.Be3 b5 10.a3 Bb7 11.Qd2 Rd8 12.Rad1 Nbd7 13.Qc1 Nb6 14.Bf4 Qc6 15.Rfe1 Rac8
16.Bf1 Qe8 17.Ne5 Nbd5 18.Nxd5 Nxd5 19.Bh6 Bh8 20.c4 bxc4 21.Qxc4 e6 22.b4 Nb6
23.Qc3 f6  1/2-1/2

[Event "5th ch-Euro IBCA"]
[Site "Rhodes GRE"]
[Date "2011.09.10"]
[Round "5.11"]
[White "Draghici Flutur,G"]
[Black "Rositsan,B"]
[Result "1-0"]
[WhiteElo "2076"]
[BlackElo "2210"]

1.e4 d5 2.exd5 Qxd5 3.Nc3 Qd8 4.d4 g6 5.Bc4 Bg7 6.Nf3 Nh6 7.O-O Nf5 8.Be3 O-O
9.Qd2 Nc6 10.Rad1 Na5 11.Bd3 e6 12.Bg5 Qd7 13.Ne4 f6 14.Bxf6 Nc6 15.Bxg7 Qxg7
16.c3 e5 17.d5 Nce7 18.Ng3 Bd7 19.Nxf5 gxf5  1-0

[Event "ch-Euro Youth g18"]
[Site "Albena BUL"]
[Date "2011.09.11"]
[Round "1.28"]
[White "Lanca,S"]
[Black "Narva,T"]
[Result "0-1"]
[WhiteElo "1564"]
[BlackElo "2006"]

1.e4 d5 2.exd5 Qxd5 3.Nc3 Qd6 4.Nf3 a6 5.d4 Nf6 6.a4 Bg4 7.Be2 Nc6 8.h3 Bxf3
9.Bxf3 O-O-O 10.Bxc6 Qxc6 11.O-O e5 12.Ne2 exd4 13.Nxd4 Qe4 14.c3 c5 15.Re1 Qd5
16.Qc2 cxd4 17.cxd4+ Kb8  0-1

[Event "9th Amantea Open"]
[Site "Amantea ITA"]
[Date "2011.09.11"]
[Round "9"]
[White "Collutiis,D"]
[Black "Marholev,D"]
[Result "1-0"]
[WhiteElo "2474"]
[BlackElo "2355"]

1.e4 d5 2.exd5 Qxd5 3.Nc3 Qd6 4.d4 Nf6 5.g3 c6 6.Nge2 Bg4 7.Bg2 e6 8.h3 Bf5
9.g4 Bg6 10.Nf4 e5 11.Nxg6 hxg6 12.Be3 Nbd7 13.d5 c5 14.Qf3 Qb6 15.O-O-O Bd6
16.h4 Qa5 17.g5 Nh5 18.Kb1 f5 19.gxf6 gxf6 20.Ne4 Qb6 21.Bh3 f5 22.Ng5 e4
23.Qe2 Qa6 24.Qd2 f4 25.Qc3 Be5 26.Bxd7+  1-0

[Event "TCh-MNE 2nd League"]
[Site "Andrijevica MNE"]
[Date "2011.09.11"]
[Round "4"]
[White "Vukcevic,N"]
[Black "Babovic,B"]
[Result "1-0"]
[WhiteElo "2067"]
[BlackElo "2048"]

1.e4 d5 2.exd5 Qxd5 3.Nc3 Qd8 4.d4 g6 5.Bc4 Bg7 6.Be3 Nf6 7.f3 c6 8.Qd2 b5
9.Bb3 e6 10.Nge2 Nbd7 11.Ng3 Nb6 12.Nge4 a5 13.a4 Nxe4 14.Nxe4 O-O 15.Nc5 e5
16.Rd1 exd4 17.Bxd4 Qe7+ 18.Qe2 Qxe2+ 19.Kxe2 bxa4 20.Bxg7 Kxg7 21.Bxa4 Nxa4
22.Nxa4 Rb8 23.Kd2 Re8 24.Rhe1 Ba6 25.Kc3 Red8 26.Nc5 Bb5 27.Rd7 Rxd7 28.Nxd7 Rd8
29.Re7 Ba6 30.Nc5 Kf8 31.Ra7 Bf1 32.g3 Rd5 33.Rxa5 Bg2 34.f4 g5 35.fxg5 Ke7
36.Nb7 Rd7 37.Re5+ Kf8 38.Nc5 Rd1 39.Nd3 Rh1 40.Nf4 Bf3 41.Re3  1-0

[Event "8th LGA Premium Cup"]
[Site "Nuernberg GER"]
[Date "2011.09.11"]
[Round "7.7"]
[White "Ginsburg,G"]
[Black "Heinzel,O"]
[Result "1/2-1/2"]
[WhiteElo "2523"]
[BlackElo "2325"]

1.e4 d5 2.exd5 Qxd5 3.Nc3 Qd6 4.d4 Nf6 5.Nf3 c6 6.Ne5 Nbd7 7.Nc4 Qc7 8.Qf3 Nb6
9.Bf4 Qd7 10.h3 Nxc4 11.Bxc4 Qxd4 12.Bb3 Bf5 13.Rd1 Qc5 14.O-O e6 15.Rfe1 Be7
16.Re5 Qb6 17.g4 Bg6 18.Bxe6 fxe6 19.Rxe6 Rd8 20.Rde1 Rd7 21.Bd6 Ng8 22.Be5 Nf6
23.Bd6 Ng8 24.Be5 Nf6 25.g5 O-O 26.gxf6 Bxf6 27.Bxf6 Rxf6 28.Rxf6 gxf6 29.Qxf6 Qb4
30.a3 Qf8 31.Qe6+ Qf7 32.Qxf7+ Kxf7 33.Re2 Re7 34.Rd2 Re1+ 35.Kg2 Ke7 36.Ne2 a6
37.c3 Bf7 38.Nf4 Bc4 39.Kf3 Rb1 40.Ke3 b6 41.Kd4 Bf7 42.Ke5 Bc4 43.Kf5 Rg1
44.Rd4 b5 45.Rd2 a5 46.Ke4 a4 47.f3 Re1+ 48.Kf5 Rg1 49.h4 Rf1 50.Kg4 Rg1+
51.Rg2 Rd1 52.Kf5 Rf1 53.Rg7+ Kd6 54.Rxh7 Rxf3 55.Kg4 Rf2 56.h5 Rxb2 57.h6 Rh2
58.Rh8 Kc5 59.Kg3 Rh1 60.Kg2 Rh4 61.Kg3 Rh1 62.Kg2 Rh4  1/2-1/2

[Event "ch-Euro Youth b14"]
[Site "Albena BUL"]
[Date "2011.09.15"]
[Round "5.27"]
[White "Ersoz,B"]
[Black "Buendia Pinar,A"]
[Result "1/2-1/2"]
[WhiteElo "1869"]
[BlackElo "2003"]

1.e4 d5 2.exd5 Qxd5 3.Nc3 Qd6 4.d4 Nf6 5.Nf3 Be6 6.h3 Bf5 7.Bd3 Bxd3 8.Qxd3 Nbd7
9.O-O g6 10.Bg5 Bg7 11.Bh4 Nb6 12.Bg3 Qd8 13.Ne4 Nxe4 14.Qxe4 O-O 15.Rfe1 e6
16.c3 Qd5 17.Qc2 Rac8 18.Be5 Rfd8 19.Bxg7 Kxg7 20.Ne5 Qd6 21.Qd2 Qe7  1/2-1/2

[Event "ch-Euro Youth g18"]
[Site "Albena BUL"]
[Date "2011.09.15"]
[Round "5.12"]
[White "Gevorgyan,M"]
[Black "Narva,T"]
[Result "1-0"]
[WhiteElo "2047"]
[BlackElo "2006"]

1.e4 d5 2.exd5 Qxd5 3.Nc3 Qd6 4.d4 Nf6 5.Nf3 a6 6.Ne5 c5 7.Bc4 e6 8.Bf4 Qxd4
9.Qf3 Nbd7 10.Nxd7 Nxd7 11.Bb3 Bd6 12.Be3 Qf6 13.Ne4 Qe7 14.O-O-O Bc7 15.Ba4 b5
16.Nxc5 Rb8 17.Qc6 Bb6 18.Ne4 Bxe3+ 19.fxe3 O-O 20.Bb3 a5 21.Nd6 Ne5 22.Qc3 Ng4
23.Rd4 Qg5 24.Rf4 a4 25.h4 Qh5 26.Bxa4 bxa4 27.Qc7 Qe5 28.Rxg4 Qxe3+ 29.Kb1 Ba6
30.Rxa4 Qe5 31.b3 Rbc8 32.Qb6 Rcd8 33.Rxa6 Qe2  1-0

[Event "2nd Zlatni Rat Open"]
[Site "Bol CRO"]
[Date "2011.09.15"]
[Round "7.3"]
[White "Brkic,A"]
[Black "Kurajica,B"]
[Result "1-0"]
[WhiteElo "2606"]
[BlackElo "2524"]

1.e4 d5 2.exd5 Qxd5 3.Nc3 Qd6 4.d4 Nf6 5.Nf3 g6 6.Bc4 Bg7 7.O-O O-O 8.h3 a6
9.a4 b6 10.b3 c5 11.Ba3 Nfd7 12.Qe2 e6 13.dxc5 bxc5 14.Rad1 Qc7 15.Ne4 Bb7
16.Nd6 Bxf3 17.Qxf3 Nc6 18.Nxf7 Rae8 19.Nd6 Rxf3 20.Nxe8 Qf4 21.Nxg7 Nde5
22.Nxe6 Qf6 23.Bb2 Rf5 24.f4 Nf3+ 25.Rxf3 Qxb2 26.Nd4+ Kg7 27.Nxc6 Qxc2 28.Rd7+ Kh6
29.Bg8 Qc1+ 30.Kh2 Rxf4 31.Rxh7+ Kg5 32.Rg3+ Kf5 33.Rf7+ Ke4 34.Re7+ Kf5
35.Bd5 g5 36.Re6 g4 37.Ne7+ Kg5 38.Rg6+  1-0

[Event "5th ch-Euro IBCA"]
[Site "Rhodes GRE"]
[Date "2011.09.15"]
[Round "9.26"]
[White "Tonteri,A"]
[Black "Fries,W"]
[Result "1-0"]
[WhiteElo "1990"]
[BlackElo "1662"]

1.e4 d5 2.exd5 Qxd5 3.Nc3 Qd6 4.Nf3 Nf6 5.d4 c6 6.Ne5 Nbd7 7.Bf4 Qb4 8.a3 Qxb2
9.Na4 Qxa1 10.Qxa1 Nd5 11.Bg3 Nxe5 12.dxe5 b5 13.Nc3 Nb6 14.Bd3 a5 15.O-O  1-0

[Event "ch-Euro Youth b14"]
[Site "Albena BUL"]
[Date "2011.09.19"]
[Round "8.6"]
[White "Codenotti,M"]
[Black "Khegay,D"]
[Result "1/2-1/2"]
[WhiteElo "2323"]
[BlackElo "2200"]

1.e4 d5 2.exd5 Qxd5 3.Nc3 Qd6 4.d4 Nf6 5.Nf3 a6 6.g3 Bg4 7.Bg2 Nc6 8.O-O O-O-O
9.d5 Ne5 10.Bf4 Bxf3 11.Bxf3 Nxf3+ 12.Qxf3 e5 13.dxe6 Qxe6 14.Rfe1 Qf5 15.Rad1 Bd6
16.Nd5 Kb8 17.Ne7 Qxc2 18.Rc1 Qa4 19.Bg5 Qg4 20.Qxg4 Nxg4 21.Nf5 f6 22.Nxd6 cxd6
23.Re7 fxg5 24.Rcc7 Ne5 25.Rxb7+ Ka8 26.Ra7+ Kb8 27.Reb7+ Kc8 28.Rc7+ Kb8
29.Rcb7+ Kc8 30.Rc7+  1/2-1/2

[Event "Sub-Zonal 2.3.4 2011"]
[Site "Pereira COL"]
[Date "2011.09.23"]
[Round "1"]
[White "Barrientos,S"]
[Black "Rios,Al"]
[Result "0-1"]
[WhiteElo "2507"]
[BlackElo "2362"]

1.e4 d5 2.exd5 Qxd5 3.Nc3 Qd6 4.d4 Nf6 5.Nf3 c6 6.Ne5 Nbd7 7.Nc4 Qc7 8.Qf3 Nb6
9.Ne5 Be6 10.Bf4 Nbd5 11.Bd3 Nxf4 12.Qxf4 O-O-O 13.O-O-O g6 14.Kb1 Bg7 15.Rhe1 Nd7
16.Qe3 Bxe5 17.dxe5 Qb6 18.Qxb6 axb6 19.b4 b5 20.f4 Kc7 21.Ne4 Ra8 22.Ng5 Bxa2+
23.Kb2 Nb6 24.Ra1 Bd5 25.Rxa8 Nxa8 26.Be4 Be6 27.h4 Nb6 28.h5 gxh5 29.Nxe6+ fxe6
30.Rh1 Rf8 31.g3 Rg8 32.Rh3 h6 33.Bd3 Nd5 34.Be4 Ne3 35.Rxh5 Rxg3 36.Rxh6 Nc4+
37.Ka2 Rg4 38.Rxe6 Rxf4 39.Bd3 Kd7 40.Rh6 Nxe5 41.Kb3 Rf6 42.Rh5 Kd6 43.Rh8 Nd7
44.Rd8 Rf8 45.Rxf8 Nxf8 46.Kc3 e5 47.Bf5 Ne6 48.Kd3 Nf4+ 49.Kc3 Kd5 50.Bc8 b6
51.Bd7 e4 52.Kd2 Ng6 53.Ke3 Ne5 54.Be8 Nc4+ 55.Kf4 Nd6 56.Bd7 c5 57.bxc5 bxc5
58.c3 Kc4 59.Ke5 e3 60.Bg4 Kxc3 61.Kxd6 b4  0-1

[Event "8th Highlands Open"]
[Site "Zdar nad Sazavou CZE"]
[Date "2011.09.26"]
[Round "3"]
[White "Svoboda,I"]
[Black "Denk,P"]
[Result "1/2-1/2"]
[WhiteElo "2006"]
[BlackElo "1808"]

1.e4 d5 2.exd5 Qxd5 3.Nc3 Qd8 4.d4 Bf5 5.Nf3 e6 6.Bf4 Bd6 7.Bxd6 cxd6 8.Bb5+ Nc6
9.d5 exd5 10.O-O Ne7 11.Nxd5 O-O 12.Nxe7+ Qxe7 13.c3 a6 14.Re1 Qf6 15.Be2 Ne5
16.Nxe5 dxe5 17.Bf3 Rab8 18.Qe2 Rfe8 19.Rad1 e4 20.Bg4 Re5 21.Bxf5 Qxf5 22.Qe3 Qe6
23.Rd4 f5 24.b3 Rf8  1/2-1/2

[Event "Sub-Zonal 2.3.4 2011"]
[Site "Pereira COL"]
[Date "2011.09.28"]
[Round "9"]
[White "Mendoza,Raf"]
[Black "Rios,Al"]
[Result "1/2-1/2"]
[WhiteElo "2326"]
[BlackElo "2362"]

1.e4 d5 2.exd5 Qxd5 3.Nc3 Qd6 4.d4 Nf6 5.Nf3 c6 6.h3 Nbd7 7.Bd3 g6 8.O-O Bg7
9.Re1 O-O 10.Qe2 Re8 11.Bd2 Nb6 12.Rad1 Nbd5 13.Ne5 Nxc3 14.Bxc3 Be6 15.a3 Bh6
16.Bb4 Qc7 17.c4 Rad8 18.Bc3 Qc8 19.Qf3 Nd7 20.Ng4 Bxg4 21.hxg4 Bg7 22.Bf1 e6
23.g5  1/2-1/2

[Event "Tatry Open"]
[Site "Tatranske Zruby SVK"]
[Date "2011.09.28"]
[Round "5.6"]
[White "Berezjuk,S"]
[Black "Kernazhitsky,L"]
[Result "1/2-1/2"]
[WhiteElo "2378"]
[BlackElo "2308"]

1.e4 d5 2.exd5 Qxd5 3.Nc3 Qd6 4.d4 Nf6 5.Nf3 c6 6.Ne5 Nbd7 7.Nc4 Qc7 8.g3 Nb6
9.Ne5 Bf5 10.Bg2 h6 11.O-O e6 12.g4 Bh7 13.Bf4 Bd6 14.Bg3 Nfd7 15.Qe2 O-O
16.f4 f6 17.Nd3 Rae8 18.Ne4 f5 19.Nef2 c5 20.c3 cxd4 21.cxd4 Nd5 22.Ne5 Nxe5
23.fxe5 Be7 24.gxf5 Bxf5 25.Ne4 Qb6 26.Rad1 Rc8 27.Nd6 Rc2 28.Qe1 Bg4 29.Rxf8+ Bxf8
30.Rd2 Qxb2 31.Rxc2 Qxc2 32.Qf1 Qd1 33.Qxd1 Bxd1 34.Nxb7 Be7 35.Bh3 Kf7 36.Nc5 Bxc5
37.dxc5 Ba4 38.Bg2 Ke7 39.Bxd5 exd5 40.Kf2 d4 41.Kf3 Bc6+ 42.Ke2 Ke6 43.h4 g5
44.hxg5 hxg5 45.Kd2 Kd5 46.e6 Kxe6 47.Bd6 Kd5 48.Kc2 Ke4 49.Kd2 Bb5 50.Be7 g4
51.Bd6 a6 52.Bg3 Kd5 53.Bd6 a5 54.a4 Bxa4 55.Bc7 Kxc5 56.Bxa5 Kd5 57.Bc7 Ke4
58.Bd6 Bb5 59.Bc7 Kf3 60.Bb6 d3 61.Ke1 g3 62.Bc7 Kg2 63.Bd6 Kh3 64.Bc5 g2
65.Bg1 Kg3 66.Kd2  1/2-1/2

[Event "Tatry Open"]
[Site "Tatranske Zruby SVK"]
[Date "2011.10.01"]
[Round "8.11"]
[White "Mrva,V"]
[Black "Kernazhitsky,L"]
[Result "0-1"]
[WhiteElo "2157"]
[BlackElo "2308"]

1.e4 d5 2.exd5 Qxd5 3.Nc3 Qd6 4.d4 Nf6 5.h3 c6 6.Nf3 Bf5 7.Bd3 Bxd3 8.Qxd3 Nbd7
9.O-O e6 10.Ne4 Qc7 11.Nfg5 h6 12.Nxf6+ gxf6 13.Ne4 O-O-O 14.Qg3 Qxg3 15.Nxg3 f5
16.Nh5 Nb6 17.c3 c5 18.dxc5 Bxc5 19.Bf4 Nc4 20.b3 Nd2 21.Rfc1 Ne4 22.Rc2 Rd3
23.Be5 Rhd8 24.Bd4 Bxd4 25.cxd4+ Kb8 26.f3 Nd6 27.Nf4 Rxd4 28.Ne2 Rd5 29.Nf4 Rb5
30.Rd1 Rb6 31.Rcd2 Kc7 32.Nd3 Ne8 33.Ne5 Rxd2 34.Rxd2 Nd6 35.Rc2+ Kd8 36.Rd2 Ke7
37.Rc2 f6 38.Ng6+ Kf7 39.Nf4 Rc6 40.Rxc6 bxc6 41.Nd3 Ke7 42.Kf2 e5 43.Kg3 Ke6
44.Nc5+ Kd5 45.Nd7 Ne8 46.Kf2 Kd6 47.Nf8 Nc7 48.g3 Nd5 49.a3 a5 50.Ng6 Nc3
51.Nh4 Ke6 52.Ke3 Nb5 53.a4 Nd4 54.Kd3 Kd5 55.Ng2 Kc5 56.Ne3 Kb4 57.f4 exf4
58.gxf4 Ne6 59.Nxf5 Nxf4+ 60.Kc2 Nxh3 61.Nxh6 Ng5 62.Nf5 Ne6 63.Kb2 Nc7 64.Nd4 Kc5
65.Kc3 Kd5 66.Kd3 Ne6 67.Nf5 Nc5+ 68.Kc3 Ne4+ 69.Kd3 Nd6 70.Ne7+ Kc5 71.Ng6 Kb4
72.Kc2 Nf5 73.Kb2 Nd4 74.Ne7 f5 75.Ng6 Nxb3 76.Nf4 Nd4 77.Nd3+ Kxa4 78.Kc3 Ne6
79.Kc4 f4 80.Ne5 Nd8 81.Kd4 Kb5 82.Nd3 Ne6+ 83.Ke5 a4 84.Kxe6 a3 85.Nc1 f3
86.Nb3 f2  0-1

[Event "TCh-CZE Liga1 Vychod"]
[Site "Czech Rep CZE"]
[Date "2011.10.02"]
[Round "1"]
[White "Olsarova, Karolina"]
[Black "Nedela, Vlastimil"]
[Result "1/2-1/2"]
[WhiteElo "2176"]
[BlackElo "2322"]

1.e4 d5 2.exd5 Qxd5 3.Nc3 Qd6 4.d4 c6 5.Nge2 Nf6 6.Bf4 Qd8 7.Ng3 Be6 8.Be2 g6
9.Qd3 Nbd7 10.Bf3 Nb6 11.Nce4 Bg7 12.Nc5 Qc8 13.Nxe6 Qxe6+ 14.Qe2 Qxe2+ 15.Nxe2 Nfd5
16.Bg3 O-O-O 17.c3 Rhe8 18.O-O-O e5 19.dxe5 Bxe5 20.Rhe1 Re7 21.Bxe5 Rxe5
22.Nd4 Rde8 23.Rxe5 Rxe5 24.g3 a6 25.Bg2 Kc7 26.Kc2 f5 27.Nf3 Re2+ 28.Rd2 Re7
29.b3 Nf6 30.Nd4 Nbd5 31.c4 Nb4+ 32.Kc3 a5 33.a3 Na6 34.b4 axb4+ 35.axb4 Ne4+
36.Bxe4 Rxe4 37.Re2 Rxe2 38.Nxe2 b6 39.Nf4 Kd6 40.Nd3 Nc7 41.f4 Ne6  1/2-1/2

[Event "TCh-CZE Liga1 Vychod"]
[Site "Czech Rep CZE"]
[Date "2011.10.02"]
[Round "1"]
[White "Nepomucky, Ondrej"]
[Black "Kanok, Jaroslav"]
[Result "1/2-1/2"]
[WhiteElo "2234"]
[BlackElo "2192"]

1.e4 d5 2.exd5 Qxd5 3.Nc3 Qd6 4.d4 Nf6 5.Nf3 Bg4 6.h3 Bxf3 7.Qxf3 c6 8.Be3 Nd5
9.Nxd5 Qxd5 10.Be2 Qxf3 11.Bxf3 e6 12.Ke2 Nd7 13.Rhd1 Be7 14.Kf1 O-O 15.c4 Nf6
16.d5 exd5 17.cxd5 cxd5 18.Bxd5 Nxd5 19.Rxd5 Bf6 20.Rc1 b6 21.b3 Rfd8 22.Rxd8+ Bxd8
23.Rd1 Bc7 24.Rd7 Rc8 25.Ke2 Kf8 26.Kd3 Ke8 27.Rd4 h5 28.Ra4 Bb8 29.Rc4 Bc7
30.Ra4 Bb8 31.Rc4  1/2-1/2

[Event "Oslo GM Open"]
[Site "Oslo NOR"]
[Date "2011.10.02"]
[Round "1"]
[White "Aguera Naredo,J"]
[Black "Tiviakov,S"]
[Result "1/2-1/2"]
[WhiteElo "2345"]
[BlackElo "2647"]

1.e4 d5 2.exd5 Qxd5 3.Nc3 Qd6 4.d4 Nf6 5.Nf3 g6 6.Nb5 Qb6 7.c4 c6 8.Nc3 Bg7
9.c5 Qd8 10.Bc4 O-O 11.Ne5 Nbd7 12.O-O e6 13.Bf4 Nxe5 14.Bxe5 b5 15.Bd3 a5
16.Ne4 Nxe4  1/2-1/2

[Event "Oslo GM Open"]
[Site "Oslo NOR"]
[Date "2011.10.02"]
[Round "1"]
[White "Kvisvik,B"]
[Black "Spirin,O"]
[Result "1/2-1/2"]
[WhiteElo "2235"]
[BlackElo "2493"]

1.e4 d5 2.exd5 Qxd5 3.Nc3 Qd6 4.d4 Nf6 5.Bc4 c6 6.Nge2 Bg4 7.Qd3 e6 8.Ng3 Nbd7
9.h3 Bh5 10.Nxh5 Nxh5 11.Ne4 Qc7 12.Qf3 Nhf6 13.Bf4 Qa5+ 14.c3 Nxe4 15.Qxe4 Nf6
16.Qe5 Qxe5+ 17.Bxe5 Nd7 18.Bh2 Be7 19.Bb3 Nb6 20.O-O-O a5 21.a3 O-O 22.f4 Nd5
23.g4 Rfd8 24.Kb1 Bd6 25.Rdf1 Ne7 26.Bg3 Rd7 27.Rhg1 Kf8 28.f5 exf5 29.gxf5 Bxg3
30.f6 gxf6 31.Rxg3 Rd6 32.Rfg1 a4 33.Bc4 Ng6 34.h4 Ra5 35.Be2 Re6 36.Bd1 h5
37.Bc2 Nxh4 38.Rg8+ Ke7 39.Rb8 Ra7 40.Rh1 Nf3 41.Bd1 Re1 42.Rxe1+ Nxe1 43.Bxh5 Ng2
44.Kc2 f5 45.Kd2 Nf4 46.Bf3 Ne6 47.d5 cxd5 48.Bxd5 Nd8 49.Rc8 Kd7 50.Rc4 Kd6
51.Rd4 Ne6 52.Bxe6+ Kxe6 53.Rc4 Kd6 54.Rb4 Kc6 55.Rc4+ Kd6 56.Rb4 Kc6  1/2-1/2

[Event "20th TCh-CRO 1b"]
[Site "Sibenik CRO"]
[Date "2011.10.04"]
[Round "1.1"]
[White "Dutina,D"]
[Black "Plenkovic,Z"]
[Result "1/2-1/2"]
[WhiteElo "2302"]
[BlackElo "2382"]

1.e4 d5 2.exd5 Qxd5 3.Nc3 Qd6 4.d4 g6 5.Nb5 Qb6 6.a4 c6 7.Na3 Bg7 8.Nf3 Nf6
9.Be2 O-O 10.O-O Bg4 11.Nc4 Qc7 12.Nfe5 Bxe2 13.Qxe2 c5 14.dxc5 Qxc5 15.Rd1 Qc8
16.Ra3 Nc6 17.Nxc6 Qxc6 18.Ne5 Qe4 19.Qxe4 Nxe4 20.Nd7 Rfc8 21.Re3 f5 22.c3 e5
23.f3 Nc5 24.Nxc5 Rxc5 25.Red3 Bf6 26.Rd7 Rb8 27.Be3 Ra5 28.b3 b5 29.Bxa7 Rc8
30.Bb6 Ra6 31.a5 Rxc3 32.b4 Rc4 33.Bc5 e4 34.fxe4 fxe4 35.R7d6 Rxd6 36.Rxd6 Be7
37.Rc6 e3 38.Kf1 Bxc5 39.bxc5 Ra4 40.a6 b4 41.Rb6 Kf7 42.Ke2 Ra3 43.Rxb4 Ke6
44.c6 Kd6 45.Rc4 Kc7 46.Rc2 Rxa6 47.Kxe3 Ra4 48.Kf3 Rb4 49.g4 h5 50.g5 Rb5
51.h4 Rb4 52.Kg3 Rg4+ 53.Kh3 Rd4 54.Kg3 Rg4+ 55.Kh3  1/2-1/2

[Event "20th TCh-CRO 1a"]
[Site "Sibenik CRO"]
[Date "2011.10.04"]
[Round "1.4"]
[White "Hracek,Z"]
[Black "Kurajica,B"]
[Result "1-0"]
[WhiteElo "2624"]
[BlackElo "2524"]

1.e4 d5 2.exd5 Qxd5 3.Nc3 Qd6 4.d4 Nf6 5.Nf3 g6 6.Bg5 a6 7.Qd2 b5 8.Bf4 Qb6
9.a4 b4 10.Nd1 Ne4 11.Qd3 Nd6 12.a5 Qb7 13.Ne3 Bg7 14.Be2 O-O 15.Ne5 Qa7
16.Bf3 Bb7 17.Nd5 Nf5 18.Nxb4 Bxf3 19.Nxf3 Nxd4 20.Nxd4 Bxd4 21.Nd5 Bxf2+
22.Ke2 Nc6 23.Qc4 Qc5 24.Qxc5 Bxc5 25.Bxc7 Rac8 26.c3 e6 27.Nf6+ Kg7 28.Nd7 Rxc7
29.Nxc5 Ra8 30.Rhd1 Ne7 31.b4 Nd5 32.Rac1 Rc6 33.Kf3 Rac8 34.g3 h5 35.Ke4 Nf6+
36.Kf3 Nd5 37.Ke4 Nf6+ 38.Kf3 Nd5 39.h3 g5 40.Ke4 Nf6+ 41.Ke3 Kf8 42.c4 Ke7
43.Rd2 R8c7 44.Rf2 Ne8 45.Kd4 Nd6 46.g4 h4 47.Re2 Rxc5 48.bxc5 Nb7 49.Rb1 Nxa5
50.Rb6 Nc6+ 51.Kc3 Nd8 52.Rxa6 Rxc5 53.Ra7+ Ke8 54.Rd2 Rc8 55.Rdd7 Rb8 56.c5 Rb1
57.Re7+ Kf8 58.Rec7 Kg7 59.Rd7 Nc6 60.Rxf7+ Kg6 61.Rg7+ Kh6 62.Rac7 Rc1+
63.Kd2 Rxc5 64.Rgd7 Rc4 65.Rd6 Rd4+ 66.Rxd4 Nxd4 67.Ke3 Nb5 68.Rc6  1-0

[Event "20th TCh-CRO 1b"]
[Site "Sibenik CRO"]
[Date "2011.10.05"]
[Round "2.3"]
[White "Ciganovic,N"]
[Black "Rosandic,D"]
[Result "1/2-1/2"]
[WhiteElo "2255"]
[BlackElo "2255"]

1.e4 d5 2.exd5 Qxd5 3.Nc3 Qd6 4.d4 Nf6 5.g3 Bg4 6.Qd3 Nc6 7.Be3 O-O-O 8.f3 Nb4
9.Qd2 Bf5 10.Rc1 Nc6 11.Nb5 Qd7 12.c4 a6 13.d5 axb5 14.dxc6 Qxd2+ 15.Bxd2 bxc4
16.Bxc4 e6 17.Ne2 Bd3 18.cxb7+ Kxb7 19.Bxd3 Rxd3 20.Nf4 Rd7 21.Rc4 Nd5 22.Ke2 Bd6
23.Nd3 Ra8 24.Ra1 Rdd8 25.a4 Ra6 26.a5 c6 27.Nc5+ Bxc5 28.Rxc5 Nc7 29.Ra4 Rd5
30.Rxd5 Nxd5 31.Rh4 h6 32.b4 Ra8 33.Kd3 Rd8 34.Kc4 e5 35.Bc3 Ne3+ 36.Kb3 Rd3
37.Re4 f6 38.f4 Nd5 39.Rc4 e4  1/2-1/2

[Event "20th TCh-CRO 1b"]
[Site "Sibenik CRO"]
[Date "2011.10.05"]
[Round "2.5"]
[White "Dutina,D"]
[Black "Muse,D"]
[Result "1/2-1/2"]
[WhiteElo "2302"]
[BlackElo "2388"]

1.e4 d5 2.exd5 Qxd5 3.Nc3 Qd6 4.d4 Nf6 5.Nf3 Bg4 6.Be2 c6 7.h3 Bxf3 8.Bxf3 e6
9.O-O Be7 10.Re1 O-O 11.Ne4  1/2-1/2

[Event "Oslo GM Open"]
[Site "Oslo NOR"]
[Date "2011.10.06"]
[Round "6.21"]
[White "Haarr,J"]
[Black "Arvola,B"]
[Result "1/2-1/2"]
[WhiteElo "2211"]
[BlackElo "2244"]

1.e4 d5 2.exd5 Qxd5 3.Nc3 Qd6 4.d4 Nf6 5.Nf3 g6 6.Ne5 Nc6 7.Nb5 Qd8 8.Bf4 Nd5
9.Bc4 Nxe5 10.Bxd5 Bg7 11.dxe5 c6 12.Bxc6+ bxc6 13.Qxd8+ Kxd8 14.O-O-O+ Bd7
15.e6 cxb5 16.Rxd7+ Ke8 17.Bg5 Bf8 18.Rb7 fxe6 19.Rxb5 Kf7 20.Rb7 h6 21.Be3 Bg7
22.c4 Rhc8 23.b3 a5 24.a4 Bf6 25.Rd1 e5 26.Kc2 Ke6 27.g4 e4 28.Rb6+ Kf7 29.Rd7 Rd8
30.Rbd6 Rdb8 31.Rd5 Ke6 32.Ra7 Be5 33.Raxa5 Rxa5 34.Rxa5 Bxh2 35.Bxh6 Rd8
36.Be3 Be5 37.Ra6+ Kf7 38.Ra5 Ke6 39.Ra6+ Kf7 40.Rc6 Rd3 41.Bd2 Bd4 42.Be1 Rh3
43.a5 Rh2 44.Kd1 Rh3 45.Kc2  1/2-1/2

[Event "Oslo GM Open"]
[Site "Oslo NOR"]
[Date "2011.10.07"]
[Round "7.8"]
[White "De Firmian,N"]
[Black "Welling,G"]
[Result "0-1"]
[WhiteElo "2516"]
[BlackElo "2322"]

1.e4 d5 2.exd5 Qxd5 3.Nc3 Qd6 4.d4 Nf6 5.Nf3 a6 6.g3 Bg4 7.h3 Bxf3 8.Qxf3 c6
9.Be3 e6 10.O-O-O Nbd7 11.Bf4 Qb4 12.Bc7 Rc8 13.a3 Qe7 14.Ba5 Qd6 15.Bc4 Be7
16.Rhe1 Qb8 17.Ne4 Nxe4 18.Qxe4 Nf6 19.Qe2 O-O 20.Bd3 b5 21.Kb1 Nd5 22.Ka1 b4
23.Bxa6 bxa3 24.b3 Qa7 25.Qc4 Ra8 26.Qxc6 Qxa6 27.Qxa6 Rxa6 28.Bd2 Nb4 29.Bxb4 Bxb4
30.Re3 Rc6 31.c4 g6 32.Ka2 Rd8 33.Red3 Rcd6 34.g4 Bc5 35.f3 Kf8 36.R1d2 Ke7
37.Rd1 Rxd4 38.Rxd4 Rxd4 39.Rxd4 Bxd4 40.Kxa3 Kd7 41.b4 Kc6 42.Kb3 e5 43.Kc2 Bf2
44.Kd2 Bh4 45.Kd3 Be1 46.b5+ Kc5  0-1